00522nam a2200205Ia 450000500170000000800460001702000180006303700100008104000080009104000080009904000080010704100080011504100080012308400080013110000520013924500400019126000230023126000090025485600530026320260121161152.0008 260114s9999 xx 000 0 eng d a9781003314462 aEBOOK aCRL beng cCRL 2eng aeng qCRL aKatie Barclay; Darrin McMahon; Peter N. Stearns 4aThe Routledge History of Happiness: bTaylor and Francis c2024 uhttp://www.taylorfrancis.com/books/9781003314462